000 00649nam a22002057a 4500
999 _c2841
_d2841
003 AR-CdUCM
008 190305b ||||| |||| 00| 0 spa d
040 _aMUNICIPALIDAD PROVINCIAL DEL CUSCO
_cBIBLIOTECA MUNICIPAL DEL CUSCO
082 _22ed.
_a869.96 /
_bM26
100 _aMarti, Jose
_93892
245 _a... Y mi honda es la de David /
260 _aMéxico :
_bNuevo Mundo ;
_c1959.
300 _a145 páginas ;
_c16cm
440 _aColección Comprensión de Cuba
_99281
505 _aNovela
650 _aLiteratura cubana
_9668
710 _aCruzada Latinoamericana de Difusión Cultural
_99860
942 _2ddc
_cLIBROS
945 _anom